000 00719nas a2200241 4500
001 BR7301884
003 BR-BrBNA
005 20231205082412.0
007 ta
008 230509b bl.|||p| |||| 00| 00por d
040 _aBR-BrBNA
_bpor
_cBiblioteca Nacional de Agricultura
041 _a(Pt)
072 _aQ00
100 1 _aFigueiredo, I.B.
245 1 _aMetodos de hidrolise das proteinas em alimentos para determinacao de aminoacidos
650 _aHIDROLISE
650 _aPROTEINA
650 _aAMINOACIDO
650 _aALIMENTO
773 0 _tColetanea do Instituto de Tecnologia de Alimentos (Brazil)
_x
_g(1969), v. 3 p. 41-55
_wBR7301884
909 _a202311
_bLúcia
_c55
_dLúcia Elande
942 _2AGRIS
_n0
_cANA
999 _c91493
_d91493